| 000 | 01010nam a22002657a 4500 | ||
|---|---|---|---|
| 999 |
_c385925 _d385925 |
||
| 001 | 99728 | ||
| 003 | UA-OsUOA | ||
| 005 | 20230504161331.0 | ||
| 007 | ta | ||
| 008 | 20130514b un ||||| |||| 00| 0 ukr d | ||
| 020 | _a978-966-364-770-8 | ||
| 040 |
_aUA-OsUOA _bukr _cUA-OsUOA _dUA-OsUOA |
||
| 041 | _aukr | ||
| 080 | _a94(477) | ||
| 090 |
_a94(477) _bГ65 |
||
| 100 | _aГончарук П. С. | ||
| 245 |
_aІсторія України з найдавніших часів до початку ХХ століття : курс лекцій _bнавч. посібн. |
||
| 260 |
_aК. _bЦНЛ _c2009 |
||
| 300 | _a528 с. | ||
| 520 | _aНавчальний посібник об’єднує 27 лекцій з історії України з найдавніших часів до ХХ століття. | ||
| 650 | 7 |
_a9 Географія. Біографії. Історія _2UDC |
|
| 942 |
_cBK _2udc |
||
| 955 | _a2 | ||